| Tag |
First Indicator |
Second Indicator |
Subfields |
| LEADER |
00000cam a2200000 a 4500 |
| 001 |
in00001404038 |
| 005 |
20151020054308.0 |
| 008 |
970915s1998 nyu bd 001 0 eng |
| 010 |
|
|
|a 97038303
|
| 020 |
|
|
|a 0781805708
|
| 035 |
|
|
|a (OCoLC)37663315
|
| 035 |
|
|
|9 AHN1029AM
|
| 040 |
|
|
|a DLC
|c DLC
|d YDX
|d TXA
|d UtOrBLW
|
| 049 |
|
|
|a TXAM
|
| 050 |
0 |
0 |
|a PG6815
|b .W53 1998
|
| 082 |
0 |
0 |
|a 491.8/5321
|2 21
|
| 100 |
1 |
|
|a Widawski, Maciej.
|
| 245 |
1 |
4 |
|a The Polish-English dictionary of slang and colloquialism /
|c Maciej Widawski ; with consulting editors Robert Urbanski [and others].
|
| 264 |
|
1 |
|a New York :
|b Hippocrene Books,
|c [1998]
|
| 264 |
|
4 |
|c ©1998
|
| 300 |
|
|
|a 361 pages, 65 unnumbered pages ;
|c 22 cm.
|
| 336 |
|
|
|a text
|b txt
|2 rdacontent
|
| 337 |
|
|
|a unmediated
|b n
|2 rdamedia
|
| 338 |
|
|
|a volume
|b nc
|2 rdacarrier
|
| 504 |
|
|
|a Includes bibliographical references (pages [363-364]) and index.
|
| 650 |
|
0 |
|a Polish language
|x Slang
|x Dictionaries.
|
| 650 |
|
0 |
|a Polish language
|x Spoken Polish
|x Dictionaries.
|
| 650 |
|
0 |
|a Polish language
|v Dictionaries
|x English.
|
| 700 |
1 |
|
|a Urbanski, Robert.
|
| 999 |
|
|
|a MARS
|
| 999 |
f |
f |
|s 0b6220e9-a959-37b8-991e-0ccaa187d0e5
|i ce71147b-b274-30f6-8028-347b98904c7b
|t 0
|
| 952 |
f |
f |
|p ric
|a Texas A&M University
|b Rellis Campus
|c Joint Library Facility
|s JLF
|d Remote Storage
|t 0
|e PG6815 .W53 1998
|h Library of Congress classification
|i unmediated -- volume
|m A14822069988
|
| 998 |
f |
f |
|a PG6815 .W53 1998
|t 0
|l Remote Storage
|